03498nab a2200589uuc4500001000800000005001700008008004100025035001200066040001300078041000800091100005000099245002600149505121900175650003401394650002101428650003001449650003501479650004501514650003201559650003001591650003101621650002801652650002901680650002401709650001701733650002901750650001701779650003501796650002901831650003601860650003701896700004001933700005201973700004102025700004902066700006002115700004802175700004902223700004902272700004602321700004902367700005002416700005302466700004802519700004102567700004402608700004602652700006202698773011902760942001002879999001902889134663920240827091745.0131010e20130105 eng  a1346639 ccomduadb aeng10aEutrópio, Frederico Jacob4auteaut970010710aEcology and limnology aCONTENIDO: Articulos del Dossier: First record of Amphipoda Talitroides topitotum (Burt, 1934) (Gammaridea, Talitridae) in the State of Espírito Santo, Brazil / Frederico Jacob Eutrópio; Werther Krohling (pp.37-39). -- Scientometric diagnosis of the use of remote sensing images in Landscape Ecology studies / Mariana Cristina Sarragiotto; Evanilde Benedito (pp. 41-46). -- Photo-degradation effect on dissolved organic carbon availability to bacterioplankton in a lake in the upper Paraná river floodplain / Mariana Carolina Teixeira; Júlio César Rodrigues de Azevedo; Thomaz Aurélio Pagioro (47-54). -- Medium and large sized mammal assemblages in coastal dunes and adjacent marshes in southern Rio Grande do Sul State, Brazil / Stefan Vilges de Oliveira; Fernando Marques Quintela; Eduardo Resende Secchi (55-61). -- Spatial distribution of aquatic Oligochaeta in Ilha Grande National Park, Brazil / Flávio Henrique Ragonha; Josiane Barros Chiaramonte; Hélio Martins Fontes Junior; Eduardo Ribeiro da Cunha; Evanilde Benedito; Alice Michiyo Takeda (63-70). -- Conservation assumptions and development in Brazilian Cerrado / Rodrigo de Jesus Silva; Maria Elisa de Paula Eduardo Garavello (71-75). aAnfípodos: Amphipoda933572 aHojarasca969621 7aSilvicultura2lemb916987 aImágenes satelitales9194839 aBases de datos - América Latina926353 7aCienciometria2embne923716 aImágenes Landsat968540 aCarbono orgánico9184307 aBacterioplancton997024 aFotodegradación965026 aExperimentos930853 aFauna932813 aBiología animal939920 aDunas922960 aDistribución espacial968074 aPobreza - Brasil9118717 7aÁreas protegidas2lemb953478 aMedio ambiente y sociedad99765110aKrohling, Werther4auteaut966720110aSarragiotto, Mariana Cristina4auteaut965680210aBenedito, Evanilde4auteaut964615610aTeixeira, Mariana Carolina4auteaut966720210aAzevedo, Júlio César Rodrigues de4auteaut957229510aPagioro, Thomaz Aurélio4auteaut957229710aOliveira, Stefan Vilges de4auteaut966720310aQuintela, Fernando Marques4auteaut965426710aSecchi, Eduardo Resende4auteaut965738010aRagonha, Flávio Henrique4auteaut965738110aChiaramonte, Josiane Barros4auteaut966720410aFontes Junior, Hélio Martins4auteaut965738210aCunha, Eduardo Ribeiro da4auteaut965738310aBenedito, Evanilde4auteaut964615610aTakeda, Alice Michiyo4auteaut964811510aSilva, Rodrigo de Jesus4auteaut966720510aGaravello, Maria Elisa de Paula Eduardo4auteaut95722980 tActa Scientiarum: Biological Sciences (Brasil)gVol. 35, No. 01, Ene.-Mar. 2013, 37-75w1319377x1679-92830648406 cARIMP c669426d669426